00496nam a2200157Ia 450000500170000000800410001708200130005810000200007124500180009126000380010930000120014750000590015994200060021895200990022499900150032320250318041105.0240331s9999 xx 000 0 und d bKIRa894 aKrishnamurthi,S 0aVeera magalir aChennaibK.K. Books Pvt Ltdc2008 a87 p ., aIthigaasa Pooranagalin kaathapathira ilakiyyappadaippu cL 001040708LaWERCLbWERCLcSSCd2024-03-31l0o 894.811 KIRp6252r2024-03-31w2024-03-31yL c4725d4725